书目信息 |
| 题名: |
激光音像播放机故障速修2000例
|
|
| 作者: | 刘丽 , 小凡 编著 | |
| 分册: | ||
| 出版信息: | 北京 中国计量出版社 1999.01 |
|
| 页数: | 260页 | |
| 开本: | 32开 | |
| 丛书名: | ||
| 单 册: | ||
| 中图分类: | TN946.5 | |
| 科图分类: | ||
| 主题词: | 录象系统 | |
| 电子资源: | ||
| ISBN: | 7-5026-1120-7 | |
| 000 | 00625nam0 2200205 45 | |
| 001 | 0009110959 | |
| 005 | 20000911092928.7 | |
| 010 | @a7-5026-1120-7@d29.00元 | |
| 100 | @a20000911d1999 km y0chiy0120 ea | |
| 101 | 0 | @achi |
| 105 | @a z 000yy | |
| 200 | 1 | @a激光音像播放机故障速修2000例@AJi Guang Yin Xiang Bo Fang Ji Gu Zhang Su Xiu 2000 Li@f刘丽,小凡编著@FLiu Li,Xiao Fan Bian Zhu |
| 210 | @a北京@c中国计量出版社@d1999.01 | |
| 215 | @a260页@d32开 | |
| 606 | 0 | @a录象系统 |
| 690 | @aTN946.5@v3 | |
| 701 | 0 | @a刘丽@4编著 |
| 701 | 0 | @a小凡@4编著 |
| 801 | @aCN@bPftUser@c20000911 | |
| 905 | @b134257-261@dTN946.5@eL.323@f5 | |
| 激光音像播放机故障速修2000例/刘丽,小凡编著.-北京:中国计量出版社,1999.01 |
| 260页;32开 |
| ISBN 7-5026-1120-7:29.00元 |
| ● |
| 相关链接 |
|
|
|
正题名:激光音像播放机故障速修2000例
索取号:TN946.5/L.323
 
预约/预借
| 序号 | 登录号 | 条形码 | 馆藏地/架位号 | 状态 | 备注 |
| 1 | 134257 | 201342573 | 自科二线504/504自科库 8排2列1层/ [索取号:TN946.5/L.323] | 在馆 | |
| 2 | 134258 | 201342582 | 自科二线404/301自科库 99排7列3层/ [索取号:TN946.5/L.323] | 在馆 | |
| 3 | 134259 | 201342591 | 自科二线404/301自科库 99排7列3层/ [索取号:TN946.5/L.323] | 在馆 | |
| 4 | 134260 | 201342608 | 自科二线404/404自科库 23排6列6层/ [索取号:TN946.5/L.323] | 在馆 | |
| 5 | 134261 | 201342617 | 自科二线404/404自科库 22排3列2层/ [索取号:TN946.5/L.323] | 在馆 |